00000000nam 2200000za 4500
0019.849734
003CaOODSP
00520221107154004
007cr |||||||||||
008180109s2018    onca    o    f000 0 fre d
020 |a9780660244761|z9780660244778
040 |aCaOODSP|bfre
043 |an-cn---
0861 |aNR16-196/2018F-PDF
1102 |aConseil national de recherches Canada.
24510|aGénération, caractérisation et optimisation d’anticorps |h[ressource électronique].
260 |a[Ottawa] : |bConseil national de recherches Canada, |c2018.
300 |a[2] p. : |bill. en coul.
500 |aPubl. aussi en anglais sous le titre : Antibody generation, characterization, and optimization.
500 |aTitre de départ.
500 |a« Février 2018. »
520 |a« Le Centre de recherche en thérapeutique en santé humaine du CNRC peut vous aider à mettre au point des anticorps thérapeutiques, diagnostiques et porteurs pour lutter contre le cancer, les maladies infectieuses, les maladies du système nerveux central et d’autres indications. Nous offrons des services de recherche-développement (R-D) pour la génération d’anticorps contre une grande variété de classes de cibles, ainsi que pour la caractérisation et l’optimisation de candidats prometteurs » -- P. [1].
530 |aÉgalement publ. en version imprimée.
693 4|aAnticorps monoclonaux
693 4|aImmunotechnologie
77508|tAntibody generation, characterization, and optimization |w(CaOODSP)9.849733
7760#|tGénération et l'optimisation d'anticorps |w(CaOODSP)9.849738
85640|qPDF|s197 Ko|uhttps://publications.gc.ca/collections/collection_2018/cnrc-nrc/NR16-196-2018-fra.pdf